Печатные платы: выбор базовых материалов

Chi tiết về thư mục
Tác giả chính: Мылов Г. В. Геннадий Васильевич
Tóm tắt:Систематизирована обширная информация об основных материалах и компонентах, используемых при изготовлении печатных плат различного типа. Изложены методологические основы приме­нения и испытаний базовых материалов печатных плат. Рассмотрены вопросы технологичности материалов в производстве печатных плат и сборок. Представлена концепция обеспечения надежности входного контроля поступающих в производство материалов и комплектующих. Даны практические методики входного контроля компонентов.
Ngôn ngữ:Tiếng Nga
Được phát hành: Москва, Горячая линия-Телеком, 2015
Những chủ đề:
Định dạng: Sách
KOHA link:https://koha.lib.tpu.ru/cgi-bin/koha/opac-detail.pl?biblionumber=296974

MARC

LEADER 00000nam0a2200000 4500
001 296974
005 20231102000948.0
010 |a 9785991204866 
035 |a (RuTPU)RU\TPU\book\322094 
090 |a 296974 
100 |a 20150604d2015 k y0rusy50 ca 
101 0 |a rus 
102 |a RU 
105 |a a z 001zy 
200 1 |a Печатные платы: выбор базовых материалов  |f Г. В. Мылов 
210 |a Москва  |c Горячая линия-Телеком  |d 2015 
215 |a 176 с.  |c ил. 
320 |a Библиогр.: с. 164-166. 
330 |a Систематизирована обширная информация об основных материалах и компонентах, используемых при изготовлении печатных плат различного типа. Изложены методологические основы приме­нения и испытаний базовых материалов печатных плат. Рассмотрены вопросы технологичности материалов в производстве печатных плат и сборок. Представлена концепция обеспечения надежности входного контроля поступающих в производство материалов и комплектующих. Даны практические методики входного контроля компонентов. 
606 1 |a Печатные платы  |x Электротехника  |2 stltpush  |3 (RuTPU)RU\TPU\subj\73548  |9 86478 
610 1 |a производство 
610 1 |a анализ 
610 1 |a материалы 
610 1 |a свойства 
610 1 |a технологичность 
610 1 |a испытания 
610 1 |a комплектующие 
610 1 |a надежность 
610 1 |a входной контроль 
675 |a 621.3.04  |v 4 
700 1 |a Мылов  |b Г. В.  |g Геннадий Васильевич 
801 1 |a RU  |b 63413507  |c 20150604 
801 2 |a RU  |b 63413507  |c 20151016  |g RCR 
900 |a Конструкторско-технологическое обеспечение производства ЭВМ 
900 |a Новые информационные технологии в конструировании 
900 |a Проектирование и технология печатных плат 
942 |c BK 
959 |a 81/20150604  |d 1  |e 352,00  |f ЧЗТЛ:1